|
|
|
|
| LEADER |
00000nam0a2200000 4500 |
| 001 |
183651 |
| 005 |
20231031171736.0 |
| 035 |
|
|
|a (RuTPU)RU\TPU\book\199104
|
| 090 |
|
|
|a 183651
|
| 100 |
|
|
|a 20100818d1971 m y0rusy50 ca
|
| 101 |
0 |
|
|a rus
|a eng
|
| 102 |
|
|
|a RU
|
| 105 |
|
|
|a y z 000zy
|
| 200 |
1 |
|
|a Основные звуковые значения гласных и согласных букв в современном английском языке
|e справочные таблицы правил чтения
|f К. Н. Кулаков
|
| 210 |
|
|
|a Москва
|c Просвещение
|d 1971
|
| 215 |
|
|
|a 94 с.
|
| 225 |
1 |
|
|a Библиотечка учителя английского языка
|
| 610 |
1 |
|
|a английский язык
|
| 610 |
1 |
|
|a звуки
|
| 610 |
1 |
|
|a гласные звуки
|
| 610 |
1 |
|
|a согласные звуки
|
| 610 |
1 |
|
|a справочники
|
| 675 |
|
|
|a 42-2(035)
|v 3
|
| 700 |
|
1 |
|a Кулаков
|b К. Н.
|g Кирилл Николаевич
|
| 801 |
|
1 |
|a RU
|b 63413507
|c 20100818
|
| 801 |
|
2 |
|a RU
|b 63413507
|c 20110125
|g RCR
|
| 942 |
|
|
|c BK
|